000 00657nam a22001937a 4500
999 _c176059
_d176059
005 20201026121802.0
010 _aUR-10912
020 _c350.00
_a9789390100095
035 _aU-9467
037 _bDBAD/PUB
082 _a841
100 _dنعيم صبا
245 _aثمر ٹکا ر و ی کی نعت گو ئ
_cنعيم صبا
246 _bSamar Tikarvi Ki Naat Goi (Urdu)
_aby Nayeem Saba
260 _aN.Delhi
_bEducational Publishing House
_c2020 ء
270 _aH.O.D1/16,Ansari Road,Darya ganj,
_bN.Delhi
_e110002
_k45678285,23216162
_l0091-11-23211540
300 _a160 ص
_c22 Cm(Hb)
942 _2ddc
_cUR
_h841
_mن ع ی